[Event "16 Dubai Open 2014"]
[Site "Dubai Chess Club"]
[Date "2014.04.07"]
[Round "1"]
[Board "39"]
[White "Elgantiry, Ahmed"]
[Black "Grover, Sahaj"]
[Result "0-1"]
[WhiteElo "1991"]
[BlackElo "2475"]
[PlyCount "0"]
[EventDate "2014.04.07"]
[EventRounds "9"]
[EventCountry "UAE"]

1. e4 {[%clk 1:16:28]} c5 {[%clk 1:30:50]} 2. Nf3 {[%clk 1:16:42]} d6
{[%clk 1:31:16]} 3. d4 {[%clk 1:16:55]} cxd4 {[%clk 1:31:39]} 4. c3
{[%clk 1:17:01]} Nf6 {[%clk 1:30:27]} 5. e5 {[%clk 1:17:16]} dxe5
{[%clk 1:30:41]} 6. Nxe5 {[%clk 1:17:36]} Nbd7 {[%clk 1:29:08]} 7. Bb5
{[%clk 1:13:20]} Qa5 {[%clk 1:27:47]} 8. Qe2 {[%clk 1:08:26]} d3 {[%clk 1:26:40]}
9. Qxd3 {[%clk 1:04:19]} a6 {[%clk 1:26:53]} 10. Nc4 {[%clk 0:52:45]} Qxb5
{[%clk 1:25:26]} 11. O-O {[%clk 0:51:04]} e6 {[%clk 1:24:47]} 12. Bf4
{[%clk 0:51:08]} Nd5 {[%clk 1:24:31]} 13. Bd6 {[%clk 0:49:59]} Qc6
{[%clk 1:24:18]} 14. Bxf8 {[%clk 0:47:16]} Nf4 {[%clk 1:24:07]} 15. Qd6
{[%clk 0:41:31]} 0-1

[Event "16 Dubai Open 2014"]
[Site "Dubai Chess Club"]
[Date "2014.04.08"]
[Round "2"]
[Board "1"]
[White "Korobov, Anton"]
[Black "Vakhidov, Jahongir"]
[Result "1-0"]
[WhiteElo "2698"]
[BlackElo "2472"]
[PlyCount "0"]
[EventDate "2014.04.07"]
[EventRounds "9"]
[EventCountry "UAE"]

1. d4 {[%clk 1:30:55]} g6 {[%clk 1:30:32]} 2. c4 {[%clk 1:30:56]} Bg7
{[%clk 1:30:31]} 3. Nf3 {[%clk 1:31:08]} Nf6 {[%clk 1:30:30]} 4. g3
{[%clk 1:31:34]} c5 {[%clk 1:27:46]} 5. d5 {[%clk 1:31:56]} d6 {[%clk 1:26:19]}
6. Nc3 {[%clk 1:31:11]} O-O {[%clk 1:26:23]} 7. Bg2 {[%clk 1:30:49]} e6
{[%clk 1:22:53]} 8. O-O {[%clk 1:29:08]} exd5 {[%clk 1:23:16]} 9. cxd5
{[%clk 1:29:34]} Re8 {[%clk 1:23:37]} 10. Nd2 {[%clk 1:29:40]} a6
{[%clk 1:23:35]} 11. a4 {[%clk 1:30:05]} Nbd7 {[%clk 1:23:57]} 12. h3
{[%clk 1:28:43]} Rb8 {[%clk 1:22:09]} 13. Nc4 {[%clk 1:28:47]} Ne5
{[%clk 1:22:31]} 14. Na3 {[%clk 1:29:13]} Nh5 {[%clk 1:22:50]} 15. e4
{[%clk 1:26:49]} Bd7 {[%clk 1:23:12]} 16. a5 {[%clk 1:22:05]} b5 {[%clk 1:23:35]}
17. axb6 {[%clk 1:22:28]} Bb5 {[%clk 1:23:59]} 18. Ncxb5 {[%clk 1:16:53]} axb5
{[%clk 1:24:16]} 19. g4 {[%clk 1:17:13]} b4 {[%clk 1:09:33]} 20. gxh5
{[%clk 1:13:49]} bxa3 {[%clk 1:09:54]} 21. Rxa3 {[%clk 1:14:18]} Qxb6
{[%clk 0:53:17]} 22. h4 {[%clk 1:12:21]} c4 {[%clk 0:27:36]} 23. hxg6
{[%clk 1:08:06]} fxg6 {[%clk 0:27:40]} 24. Rg3 {[%clk 0:47:51]} h5
{[%clk 0:19:25]} 25. Bh3 {[%clk 0:47:07]} Qd8 {[%clk 0:02:27]} 26. Bg5
{[%clk 0:42:38]} Bf6 {[%clk 0:01:14]} 27. Bf5 {[%clk 0:39:44]} Bxg5
{[%clk 0:00:55]} 28. Rxg5 {[%clk 0:40:09]} Kf8 {[%clk 0:00:36]} 29. Bxg6
{[%clk 0:38:04]} Nxg6 {[%clk 0:01:00]} 30. Rxg6 {[%clk 0:38:18]} Qxh4
{[%clk 0:01:15]} 31. Qf3+ {[%clk 0:38:28]} Ke7 {[%clk 0:01:39]} 32. Rg7+
{[%clk 0:38:54]} Kd8 {[%clk 0:02:01]} 33. Qa3 {[%clk 0:39:17]} 1-0

[Event "16 Dubai Open 2014"]
[Site "Dubai Chess Club"]
[Date "2014.04.08"]
[Round "2"]
[Board "2"]
[White "Kjartansson, Gudmundur"]
[Black "Akopian, Vladimir"]
[Result "1/2-1/2"]
[WhiteElo "2440"]
[BlackElo "2674"]
[PlyCount "0"]
[EventDate "2014.04.07"]
[EventRounds "9"]
[EventCountry "UAE"]

1. d4 {[%clk 1:30:58]} Nf6 {[%clk 1:29:51]} 2. c4 {[%clk 1:31:18]} d6
{[%clk 1:24:31]} 3. Nc3 {[%clk 1:31:24]} Nbd7 {[%clk 1:24:53]} 4. Nf3
{[%clk 1:31:23]} g6 {[%clk 1:25:10]} 5. e4 {[%clk 1:31:29]} e5 {[%clk 1:25:26]}
6. Be2 {[%clk 1:31:38]} Bg7 {[%clk 1:25:52]} 7. O-O {[%clk 1:32:00]} O-O
{[%clk 1:26:18]} 8. Be3 {[%clk 1:32:10]} Qe7 {[%clk 1:26:39]} 9. Qc2
{[%clk 1:31:51]} c6 {[%clk 1:21:15]} 10. Rad1 {[%clk 1:30:04]} exd4
{[%clk 1:17:10]} 11. Nxd4 {[%clk 1:30:25]} Re8 {[%clk 1:17:35]} 12. f3
{[%clk 1:30:35]} Nh5 {[%clk 1:16:14]} 13. Qd2 {[%clk 1:22:51]} f5
{[%clk 1:11:41]} 14. Bh6 {[%clk 1:13:28]} fxe4 {[%clk 1:00:00]} 15. Nxe4
{[%clk 1:11:00]} Nc5 {[%clk 0:47:56]} 16. Nc3 {[%clk 1:08:18]} Bxh6
{[%clk 0:42:52]} 17. Qxh6 {[%clk 1:08:38]} a5 {[%clk 0:41:54]} 18. Qd2
{[%clk 1:00:37]} Ng7 {[%clk 0:36:48]} 19. Rfe1 {[%clk 0:57:39]} Qe3+
{[%clk 0:35:43]} 20. Qxe3 {[%clk 0:57:51]} Rxe3 {[%clk 0:36:08]} 21. Kf2
{[%clk 0:49:12]} Re7 {[%clk 0:34:29]} 22. Nb3 {[%clk 0:46:26]} Nxb3
{[%clk 0:33:49]} 23. axb3 {[%clk 0:46:50]} Ne8 {[%clk 0:32:16]} 24. g4
{[%clk 0:42:12]} Kf8 {[%clk 0:30:07]} 25. Na4 {[%clk 0:37:41]} Be6
{[%clk 0:26:18]} 26. Nb6 {[%clk 0:35:25]} Rd8 {[%clk 0:26:43]} 27. Ra1
{[%clk 0:34:43]} d5 {[%clk 0:26:39]} 28. c5 {[%clk 0:33:45]} d4 {[%clk 0:26:04]}
29. Bc4 {[%clk 0:31:20]} Nc7 {[%clk 0:23:33]} 30. Rxa5 {[%clk 0:30:05]} d3
{[%clk 0:23:03]} 31. Raa1 {[%clk 0:22:05]} d2 {[%clk 0:16:50]} 32. Red1
{[%clk 0:21:43]} g5 {[%clk 0:16:45]} 33. b4 {[%clk 0:19:48]} Na6 {[%clk 0:13:44]}
34. Bxa6 {[%clk 0:13:52]} bxa6 {[%clk 0:14:07]} 35. Ra3 {[%clk 0:14:01]} h5
{[%clk 0:11:39]} 36. h3 {[%clk 0:11:29]} hxg4 {[%clk 0:11:08]} 37. hxg4
{[%clk 0:11:18]} Rh7 {[%clk 0:09:14]} 38. Kg3 {[%clk 0:05:58]} Kf7
{[%clk 0:08:03]} 39. Re3 {[%clk 0:03:31]} Rh4 {[%clk 0:02:13]} 40. b3
{[%clk 0:01:35]} Rd4 {[%clk 0:00:59]} 41. Nc4 {[%clk 0:01:46]} Bxc4
{[%clk 0:00:59]} 42. bxc4 {[%clk 0:02:15]} Rh8 {[%clk 0:01:07]} 43. Ra3
{[%clk 0:00:59]} Rhd8 {[%clk 0:00:47]} 44. Rxa6 {[%clk 0:00:51]} Rxc4
{[%clk 0:01:12]} 45. Kf2 {[%clk 0:00:50]} Rxb4 {[%clk 0:00:56]} 46. Rxc6
{[%clk 0:01:04]} Rb3 {[%clk 0:00:34]} 47. Ke2 {[%clk 0:00:40]} Rbd3
{[%clk 0:00:43]} 48. Ra6 {[%clk 0:00:47]} R3d5 {[%clk 0:00:56]} 49. c6
{[%clk 0:00:41]} Re5+ {[%clk 0:00:46]} 50. Kf2 {[%clk 0:01:07]} Rc5
{[%clk 0:01:09]} 51. Ra7+ {[%clk 0:01:07]} Ke6 {[%clk 0:01:17]} 52. Rh7
{[%clk 0:01:08]} Rdd5 {[%clk 0:00:39]} 53. c7 {[%clk 0:00:59]} Kf6
{[%clk 0:00:33]} 54. Ke2 {[%clk 0:00:42]} Kg6 {[%clk 0:00:42]} 55. Re7
{[%clk 0:00:41]} Kf6 {[%clk 0:01:05]} 56. Rh7 {[%clk 0:00:42]} Kg6
{[%clk 0:01:26]} 57. Re7 {[%clk 0:00:44]} Kf6 {[%clk 0:01:52]} 58. Re4
{[%clk 0:00:41]} Rxc7 {[%clk 0:02:16]} 59. Rxd2 {[%clk 0:01:06]} Rxd2+
{[%clk 0:02:42]} 60. Kxd2 {[%clk 0:01:32]} Ra7 {[%clk 0:03:03]} 61. Rc4
{[%clk 0:01:39]} Ra3 {[%clk 0:03:14]} 62. Rc3 {[%clk 0:01:56]} Ra6
{[%clk 0:03:16]} 63. Ke3 {[%clk 0:02:07]} Re6+ {[%clk 0:03:30]} 64. Kd4
{[%clk 0:02:29]} Rd6+ {[%clk 0:03:49]} 65. Ke4 {[%clk 0:02:47]} Ra6
{[%clk 0:03:55]} 66. Kd5 {[%clk 0:02:43]} Ra5+ {[%clk 0:04:16]} 67. Kd4
{[%clk 0:02:40]} Ra4+ {[%clk 0:04:30]} 68. Rc4 {[%clk 0:02:57]} Ra6
{[%clk 0:04:35]} 69. Ke4 {[%clk 0:02:42]} Re6+ {[%clk 0:04:40]} 70. Kd4
{[%clk 0:02:28]} Rd6+ {[%clk 0:05:02]} 71. Kc3 {[%clk 0:02:23]} Ra6
{[%clk 0:05:15]} 72. Kd3 {[%clk 0:02:03]} Rd6+ {[%clk 0:05:33]} 73. Ke3
{[%clk 0:02:20]} Re6+ {[%clk 0:05:57]} 74. Re4 {[%clk 0:02:46]} Ra6
{[%clk 0:06:21]} 75. Rb4 {[%clk 0:03:01]} Re6+ {[%clk 0:06:40]} 76. Kd4
{[%clk 0:03:18]} Rd6+ {[%clk 0:06:54]} 77. Kc4 {[%clk 0:02:30]} Rc6+
{[%clk 0:06:48]} 78. Kd5 {[%clk 0:03:18]} Ra6 {[%clk 0:07:04]} 79. Rb5
{[%clk 0:03:1

[Event "16 Dubai Open 2014"]
[Site "Dubai Chess Club"]
[Date "2014.04.08"]
[Round "2"]
[Board "3"]
[White "Edouard, Romain"]
[Black "Ashwin, Jayaram"]
[Result "1-0"]
[WhiteElo "2670"]
[BlackElo "2454"]
[PlyCount "0"]
[EventDate "2014.04.07"]
[EventRounds "9"]
[EventCountry "UAE"]

1. d4 {[%clk 1:30:55]} d5 {[%clk 1:30:45]} 2. c4 {[%clk 1:31:14]} c6
{[%clk 1:31:10]} 3. Nf3 {[%clk 1:31:08]} Nf6 {[%clk 1:31:31]} 4. Nc3
{[%clk 1:27:55]} dxc4 {[%clk 1:31:41]} 5. a4 {[%clk 1:28:16]} Bf5
{[%clk 1:32:06]} 6. Ne5 {[%clk 1:26:17]} Nbd7 {[%clk 1:32:01]} 7. Nxc4
{[%clk 1:26:36]} Qc7 {[%clk 1:32:00]} 8. Qd2 {[%clk 1:17:40]} g6 {[%clk 1:22:32]}
9. f3 {[%clk 1:10:39]} e5 {[%clk 1:21:15]} 10. e4 {[%clk 0:52:34]} exd4
{[%clk 1:19:11]} 11. Ne2 {[%clk 0:51:36]} Be6 {[%clk 1:03:59]} 12. Nxd4
{[%clk 0:50:10]} Bxc4 {[%clk 0:39:34]} 13. Bxc4 {[%clk 0:50:32]} Ne5
{[%clk 0:30:16]} 14. Be2 {[%clk 0:49:02]} O-O-O {[%clk 0:29:11]} 15. Qc3
{[%clk 0:48:46]} a5 {[%clk 0:26:38]} 16. Nc2 {[%clk 0:48:24]} Bg7
{[%clk 0:25:44]} 17. Qb3 {[%clk 0:43:27]} Qd6 {[%clk 0:23:10]} 18. O-O
{[%clk 0:38:43]} Nd3 {[%clk 0:20:23]} 19. Be3 {[%clk 0:37:34]} Qe6
{[%clk 0:20:18]} 20. Qb6 {[%clk 0:32:22]} Nd7 {[%clk 0:18:43]} 21. Qxa5
{[%clk 0:27:23]} Nxb2 {[%clk 0:17:28]} 22. Nd4 {[%clk 0:18:54]} Qe5
{[%clk 0:17:36]} 23. Nb5 {[%clk 0:15:48]} Nb8 {[%clk 0:16:50]} 24. f4
{[%clk 0:11:28]} Qe7 {[%clk 0:17:08]} 25. e5 {[%clk 0:10:32]} cxb5
{[%clk 0:13:49]} 26. Bg4+ {[%clk 0:10:21]} Rd7 {[%clk 0:14:16]} 27. Rfc1+
{[%clk 0:09:36]} Nc4 {[%clk 0:13:40]} 28. axb5 {[%clk 0:09:15]} f5
{[%clk 0:13:21]} 29. Rxc4+ {[%clk 0:09:14]} Rc7 {[%clk 0:13:47]} 30. Rac1
{[%clk 0:09:29]} 1-0

[Event "16 Dubai Open 2014"]
[Site "Dubai Chess Club"]
[Date "2014.04.08"]
[Round "2"]
[Board "4"]
[White "Pourramezanali, Amirreza"]
[Black "Istratescu, Andrei"]
[Result "0-1"]
[WhiteElo "2435"]
[BlackElo "2667"]
[PlyCount "0"]
[EventDate "2014.04.07"]
[EventRounds "9"]
[EventCountry "UAE"]

1. e4 {[%clk 1:30:56]} c5 {[%clk 1:30:02]} 2. c3 {[%clk 1:31:19]} e6
{[%clk 1:30:27]} 3. d4 {[%clk 1:31:41]} d5 {[%clk 1:30:54]} 4. exd5
{[%clk 1:32:03]} exd5 {[%clk 1:31:20]} 5. Be3 {[%clk 1:32:28]} c4
{[%clk 1:28:32]} 6. b3 {[%clk 1:31:59]} cxb3 {[%clk 1:28:57]} 7. axb3
{[%clk 1:32:25]} Bd6 {[%clk 1:29:04]} 8. Bd3 {[%clk 1:32:38]} Nc6
{[%clk 1:28:17]} 9. Qf3 {[%clk 1:31:21]} Nf6 {[%clk 1:26:59]} 10. h3
{[%clk 1:31:26]} O-O {[%clk 1:21:00]} 11. Ne2 {[%clk 1:31:33]} Ne7
{[%clk 1:16:25]} 12. Ng3 {[%clk 1:03:03]} Bxg3 {[%clk 1:11:30]} 13. fxg3
{[%clk 0:53:03]} Ne4 {[%clk 1:10:31]} 14. O-O {[%clk 0:53:18]} Nf5
{[%clk 1:09:51]} 15. g4 {[%clk 0:40:07]} Nh4 {[%clk 1:02:51]} 16. Qf4
{[%clk 0:34:26]} Ng6 {[%clk 0:59:42]} 17. Qf3 {[%clk 0:31:16]} f5
{[%clk 0:58:20]} 18. Bxe4 {[%clk 0:31:05]} dxe4 {[%clk 0:53:24]} 19. Qg3
{[%clk 0:31:12]} f4 {[%clk 0:53:45]} 20. Rxf4 {[%clk 0:18:27]} Nxf4
{[%clk 0:53:40]} 21. Bxf4 {[%clk 0:18:52]} Qf6 {[%clk 0:53:00]} 22. Bd2
{[%clk 0:13:31]} Be6 {[%clk 0:47:56]} 23. Na3 {[%clk 0:10:08]} Bxb3
{[%clk 0:47:57]} 24. Rb1 {[%clk 0:10:32]} Bd5 {[%clk 0:48:21]} 25. c4
{[%clk 0:09:16]} Bxc4 {[%clk 0:47:35]} 26. Rxb7 {[%clk 0:08:41]} Bd3
{[%clk 0:35:02]} 27. Bc3 {[%clk 0:07:18]} Rac8 {[%clk 0:31:06]} 28. Bb2
{[%clk 0:07:31]} Rf7 {[%clk 0:31:28]} 29. Rb4 {[%clk 0:06:49]} a5
{[%clk 0:28:58]} 0-1

[Event "16 Dubai Open 2014"]
[Site "Dubai Chess Club"]
[Date "2014.04.08"]
[Round "2"]
[Board "5"]
[White "Lupulescu, Constantin"]
[Black "Swapnil, S. Dhopade"]
[Result "1-0"]
[WhiteElo "2660"]
[BlackElo "2438"]
[PlyCount "0"]
[EventDate "2014.04.07"]
[EventRounds "9"]
[EventCountry "UAE"]

1. e4 {[%clk 1:30:57]} c6 {[%clk 1:29:08]} 2. d4 {[%clk 1:29:51]} d5
{[%clk 1:29:30]} 3. Nc3 {[%clk 1:30:17]} dxe4 {[%clk 1:29:41]} 4. Nxe4
{[%clk 1:30:42]} Bf5 {[%clk 1:30:06]} 5. Ng3 {[%clk 1:31:07]} Bg6
{[%clk 1:30:31]} 6. Nh3 {[%clk 1:31:21]} Nf6 {[%clk 1:25:02]} 7. Nf4
{[%clk 1:30:48]} e5 {[%clk 1:25:20]} 8. dxe5 {[%clk 1:30:32]} Qxd1+
{[%clk 1:02:46]} 9. Kxd1 {[%clk 1:30:47]} Ng4 {[%clk 1:03:02]} 10. Nxg6
{[%clk 1:27:42]} hxg6 {[%clk 1:02:23]} 11. Ne4 {[%clk 1:21:11]} Nxe5
{[%clk 1:02:05]} 12. c3 {[%clk 1:10:31]} Nbd7 {[%clk 0:58:07]} 13. Bf4
{[%clk 1:03:39]} O-O-O {[%clk 0:40:05]} 14. Kc2 {[%clk 1:03:08]} f6
{[%clk 0:30:54]} 15. Rd1 {[%clk 0:53:24]} Nc5 {[%clk 0:24:25]} 16. Rxd8+
{[%clk 0:52:08]} Kxd8 {[%clk 0:24:21]} 17. Ng5 {[%clk 0:47:43]} Ncd7
{[%clk 0:14:46]} 18. Ne6+ {[%clk 0:46:40]} Ke7 {[%clk 0:15:15]} 19. Nxf8
{[%clk 0:46:53]} Nxf8 {[%clk 0:11:51]} 20. Be3 {[%clk 0:40:45]} b6
{[%clk 0:11:31]} 21. Be2 {[%clk 0:36:09]} g5 {[%clk 0:11:46]} 22. h3
{[%clk 0:28:46]} Ne6 {[%clk 0:11:53]} 23. Re1 {[%clk 0:27:03]} c5
{[%clk 0:09:22]} 24. a4 {[%clk 0:23:29]} f5 {[%clk 0:07:35]} 25. f3
{[%clk 0:21:38]} Kf6 {[%clk 0:06:10]} 26. a5 {[%clk 0:18:08]} Rd8
{[%clk 0:05:45]} 27. Bf1 {[%clk 0:17:43]} Nf4 {[%clk 0:02:18]} 28. h4
{[%clk 0:16:11]} Neg6 {[%clk 0:01:24]} 29. hxg5+ {[%clk 0:16:02]} Kf7
{[%clk 0:01:53]} 30. Bc4+ {[%clk 0:10:54]} Kf8 {[%clk 0:02:13]} 31. Bxf4
{[%clk 0:10:10]} Nxf4 {[%clk 0:02:41]} 32. g3 {[%clk 0:08:43]} Nd5
{[%clk 0:01:24]} 33. Re5 {[%clk 0:08:28]} Ne7 {[%clk 0:01:48]} 34. axb6
{[%clk 0:08:29]} axb6 {[%clk 0:02:16]} 35. Bd3 {[%clk 0:08:12]} Rd5
{[%clk 0:01:16]} 36. Re6 {[%clk 0:06:31]} Nc8 {[%clk 0:01:45]} 37. Rc6
{[%clk 0:06:30]} Nd6 {[%clk 0:02:07]} 38. Rxb6 {[%clk 0:06:12]} c4
{[%clk 0:02:29]} 39. Bf1 {[%clk 0:05:39]} Ke7 {[%clk 0:02:56]} 40. Rc6
{[%clk 0:04:14]} Kd7 {[%clk 0:03:14]} 41. Ra6 {[%clk 0:04:32]} Re5
{[%clk 0:03:08]} 42. Ra4 {[%clk 0:04:05]} Re3 {[%clk 0:03:12]} 43. f4
{[%clk 0:04:11]} Rxg3 {[%clk 0:02:05]} 44. Bxc4 {[%clk 0:04:31]} Rg2+
{[%clk 0:02:10]} 45. Kb1 {[%clk 0:03:07]} Ne4 {[%clk 0:02:33]} 46. Bd3
{[%clk 0:02:31]} Nd2+ {[%clk 0:02:25]} 47. Ka2 {[%clk 0:02:36]} g6
{[%clk 0:02:50]} 48. Ra7+ {[%clk 0:02:22]} Kd8 {[%clk 0:02:20]} 49. Rg7
{[%clk 0:02:24]} Rg3 {[%clk 0:02:31]} 50. Bc2 {[%clk 0:01:35]} Rg2
{[%clk 0:02:14]} 51. Rxg6 {[%clk 0:01:11]} Nc4 {[%clk 0:02:34]} 52. Rc6
{[%clk 0:01:17]} Ne3 {[%clk 0:02:11]} 53. Bb3 {[%clk 0:01:37]} Rg4
{[%clk 0:02:25]} 54. Rd6+ {[%clk 0:01:44]} Kc7 {[%clk 0:02:48]} 55. Rd4
{[%clk 0:02:00]} 1-0

[Event "16 Dubai Open 2014"]
[Site "Dubai Chess Club"]
[Date "2014.04.08"]
[Round "2"]
[Board "6"]
[White "Balogh, Csaba"]
[Black "Das, Sayantan"]
[Result "1-0"]
[WhiteElo "2656"]
[BlackElo "2371"]
[PlyCount "0"]
[EventDate "2014.04.07"]
[EventRounds "9"]
[EventCountry "UAE"]

1. e4 {[%clk 1:30:57]} e5 {[%clk 1:27:09]} 2. Nf3 {[%clk 1:31:18]} Nc6
{[%clk 1:27:29]} 3. Bb5 {[%clk 1:31:33]} a6 {[%clk 1:27:50]} 4. Ba4
{[%clk 1:31:58]} Nf6 {[%clk 1:28:11]} 5. O-O {[%clk 1:32:18]} Be7
{[%clk 1:28:25]} 6. d3 {[%clk 1:32:13]} d6 {[%clk 1:28:25]} 7. c3
{[%clk 1:31:30]} O-O {[%clk 1:28:38]} 8. Re1 {[%clk 1:30:52]} Re8
{[%clk 1:27:56]} 9. Nbd2 {[%clk 1:27:47]} Bf8 {[%clk 1:27:53]} 10. Nf1
{[%clk 1:28:09]} b5 {[%clk 1:27:32]} 11. Bc2 {[%clk 1:27:31]} Bb7
{[%clk 1:24:33]} 12. Bg5 {[%clk 1:20:14]} h6 {[%clk 1:20:29]} 13. Bh4
{[%clk 1:20:37]} Nb8 {[%clk 1:18:17]} 14. Ne3 {[%clk 1:18:39]} Nbd7
{[%clk 1:17:09]} 15. h3 {[%clk 1:18:55]} c5 {[%clk 1:13:00]} 16. Nh2
{[%clk 1:18:36]} Qc7 {[%clk 1:04:55]} 17. Qf3 {[%clk 1:18:48]} c4
{[%clk 1:00:47]} 18. dxc4 {[%clk 1:03:15]} bxc4 {[%clk 1:01:00]} 19. Nf5
{[%clk 1:00:17]} Re6 {[%clk 0:58:16]} 20. b4 {[%clk 1:00:23]} d5 {[%clk 0:43:36]}
21. exd5 {[%clk 1:00:35]} Bxd5 {[%clk 0:43:57]} 22. Qe2 {[%clk 1:00:49]} Ree8
{[%clk 0:39:45]} 23. Ng4 {[%clk 0:56:07]} Nxg4 {[%clk 0:37:23]} 24. hxg4
{[%clk 0:56:32]} a5 {[%clk 0:35:03]} 25. a3 {[%clk 0:53:01]} Nb6 {[%clk 0:32:02]}
26. g5 {[%clk 0:49:57]} hxg5 {[%clk 0:27:07]} 27. Bxg5 {[%clk 0:49:55]} g6
{[%clk 0:25:30]} 28. Ne3 {[%clk 0:43:56]} f5 {[%clk 0:20:45]} 29. Nxd5
{[%clk 0:41:49]} Nxd5 {[%clk 0:21:07]} 30. Qd2 {[%clk 0:42:16]} Nb6
{[%clk 0:20:13]} 31. Rad1 {[%clk 0:38:59]} axb4 {[%clk 0:18:13]} 32. axb4
{[%clk 0:39:24]} Ra2 {[%clk 0:16:33]} 33. Re2 {[%clk 0:36:50]} Raa8
{[%clk 0:10:27]} 34. Qe3 {[%clk 0:35:28]} Ra3 {[%clk 0:10:32]} 35. Red2
{[%clk 0:34:45]} Qc6 {[%clk 0:08:30]} 36. Bd8 {[%clk 0:31:18]} Re6
{[%clk 0:05:07]} 37. Qg5 {[%clk 0:19:12]} e4 {[%clk 0:05:09]} 38. Qh4
{[%clk 0:18:49]} e3 {[%clk 0:03:41]} 39. fxe3 {[%clk 0:19:14]} Rxc3
{[%clk 0:04:00]} 40. Bg5 {[%clk 0:17:45]} Ra3 {[%clk 0:02:45]} 41. Rd8
{[%clk 0:17:26]} Ra8 {[%clk 0:02:39]} 42. b5 {[%clk 0:11:49]} Qxb5
{[%clk 0:01:03]} 43. Bf6 {[%clk 0:08:53]} Rxd8 {[%clk 0:00:37]} 44. Rxd8
{[%clk 0:08:59]} Qb4 {[%clk 0:00:35]} 45. Qh8+ {[%clk 0:08:53]} Kf7
{[%clk 0:01:03]} 46. Bc3 {[%clk 0:09:12]} 1-0

[Event "16 Dubai Open 2014"]
[Site "Dubai Chess Club"]
[Date "2014.04.08"]
[Round "2"]
[Board "7"]
[White "Amin, Bassem"]
[Black "Ekdyshman, Mikhail"]
[Result "1-0"]
[WhiteElo "2637"]
[BlackElo "2365"]
[PlyCount "0"]
[EventDate "2014.04.07"]
[EventRounds "9"]
[EventCountry "UAE"]

1. e4 {[%clk 1:29:26]} c5 {[%clk 1:30:28]} 2. Nf3 {[%clk 1:29:48]} e6
{[%clk 1:30:34]} 3. d3 {[%clk 1:30:00]} Nc6 {[%clk 1:30:28]} 4. g3
{[%clk 1:30:26]} d5 {[%clk 1:29:37]} 5. Nbd2 {[%clk 1:30:50]} g6 {[%clk 1:29:05]}
6. Bg2 {[%clk 1:31:15]} Bg7 {[%clk 1:29:07]} 7. O-O {[%clk 1:31:36]} Nge7
{[%clk 1:29:01]} 8. Re1 {[%clk 1:32:00]} O-O {[%clk 1:28:37]} 9. h4
{[%clk 1:31:56]} e5 {[%clk 1:23:12]} 10. exd5 {[%clk 1:32:04]} Nxd5
{[%clk 1:23:33]} 11. c3 {[%clk 1:32:23]} h6 {[%clk 1:19:37]} 12. Qb3
{[%clk 1:21:59]} Nde7 {[%clk 1:17:29]} 13. Nc4 {[%clk 1:21:58]} Be6
{[%clk 1:17:12]} 14. Qxb7 {[%clk 1:17:30]} Rb8 {[%clk 1:17:14]} 15. Qa6
{[%clk 1:17:53]} Qxd3 {[%clk 1:17:15]} 16. Nfd2 {[%clk 1:18:14]} f5
{[%clk 1:12:40]} 17. Bf1 {[%clk 1:14:09]} Qd5 {[%clk 1:09:32]} 18. Nb3
{[%clk 0:56:20]} f4 {[%clk 0:53:19]} 19. Ncd2 {[%clk 0:56:21]} fxg3
{[%clk 0:52:36]} 20. fxg3 {[%clk 0:56:43]} Rxf1+ {[%clk 0:40:26]} 21. Nxf1
{[%clk 0:56:43]} c4 {[%clk 0:28:24]} 22. Nbd2 {[%clk 0:57:02]} Nf5
{[%clk 0:24:09]} 23. Ne4 {[%clk 0:55:28]} Nd6 {[%clk 0:18:39]} 24. Nxd6
{[%clk 0:52:23]} Qxd6 {[%clk 0:19:08]} 25. Qa4 {[%clk 0:51:29]} e4
{[%clk 0:17:25]} 26. Bf4 {[%clk 0:40:30]} Ne5 {[%clk 0:14:34]} 27. Bxe5
{[%clk 0:40:46]} Bxe5 {[%clk 0:09:16]} 28. Re3 {[%clk 0:35:37]} Rxb2
{[%clk 0:05:23]} 29. Rd1 {[%clk 0:35:42]} Qf8 {[%clk 0:05:16]} 30. Rd2
{[%clk 0:33:58]} Rxd2 {[%clk 0:04:18]} 31. Nxd2 {[%clk 0:34:26]} Qc5
{[%clk 0:02:58]} 32. Nf1 {[%clk 0:33:26]} Bh3 {[%clk 0:01:35]} 33. Qc2
{[%clk 0:33:34]} Bxf1 {[%clk 0:01:23]} 34. Qxe4 {[%clk 0:33:57]} Bxc3
{[%clk 0:00:56]} 35. Qe6+ {[%clk 0:31:06]} Kh7 {[%clk 0:00:35]} 36. Qe7+
{[%clk 0:31:22]} Qxe7 {[%clk 0:01:03]} 37. Rxe7+ {[%clk 0:31:46]} Kg8
{[%clk 0:00:59]} 38. Kxf1 {[%clk 0:32:10]} Bd4 {[%clk 0:00:53]} 39. Re4
{[%clk 0:32:36]} Bb6 {[%clk 0:00:59]} 40. Rxc4 {[%clk 0:33:03]} Kf7
{[%clk 0:01:23]} 41. Ke2 {[%clk 0:33:07]} Ke6 {[%clk 0:01:48]} 42. Kf3
{[%clk 0:33:12]} h5 {[%clk 0:02:01]} 43. Ke4 {[%clk 0:33:27]} Bf2
{[%clk 0:02:23]} 44. Rc6+ {[%clk 0:33:48]} Kf7 {[%clk 0:02:50]} 45. Rc3
{[%clk 0:32:27]} Ke6 {[%clk 0:03:10]} 46. a4 {[%clk 0:30:24]} a5 {[%clk 0:02:56]}
47. Kf4 {[%clk 0:29:35]} Kf6 {[%clk 0:02:39]} 48. Rc6+ {[%clk 0:27:25]} Kg7
{[%clk 0:02:51]} 49. Rc2 {[%clk 0:27:39]} Be1 {[%clk 0:02:19]} 50. Kg5
{[%clk 0:26:21]} Bxg3 {[%clk 0:01:46]} 51. Rc6 {[%clk 0:26:42]} Kh7
{[%clk 0:02:07]} 52. Re6 {[%clk 0:27:00]} Bf2 {[%clk 0:02:20]} 53. Re7+
{[%clk 0:27:18]} 1-0

[Event "16 Dubai Open 2014"]
[Site "Dubai Chess Club"]
[Date "2014.04.08"]
[Round "2"]
[Board "8"]
[White "Kanter, Eduard"]
[Black "Iturrizaga Bonelli, Eduardo"]
[Result "0-1"]
[WhiteElo "2406"]
[BlackElo "2635"]
[PlyCount "0"]
[EventDate "2014.04.07"]
[EventRounds "9"]
[EventCountry "UAE"]

1. d4 {[%clk 1:30:14]} Nf6 {[%clk 1:30:53]} 2. c4 {[%clk 1:30:39]} e6
{[%clk 1:31:08]} 3. g3 {[%clk 1:30:27]} c5 {[%clk 1:31:31]} 4. d5
{[%clk 1:30:52]} exd5 {[%clk 1:31:57]} 5. cxd5 {[%clk 1:31:17]} d6
{[%clk 1:32:23]} 6. Bg2 {[%clk 1:31:06]} g6 {[%clk 1:32:47]} 7. Nf3
{[%clk 1:31:24]} Bg7 {[%clk 1:33:11]} 8. O-O {[%clk 1:31:39]} O-O
{[%clk 1:33:35]} 9. Nc3 {[%clk 1:31:45]} Nbd7 {[%clk 1:33:09]} 10. Bf4
{[%clk 1:26:41]} Qe7 {[%clk 1:33:24]} 11. e4 {[%clk 1:19:32]} Ng4
{[%clk 1:29:39]} 12. Bg5 {[%clk 1:15:33]} f6 {[%clk 1:29:43]} 13. Bd2
{[%clk 1:15:51]} a6 {[%clk 1:26:30]} 14. a4 {[%clk 0:58:59]} Rb8 {[%clk 1:26:00]}
15. Rb1 {[%clk 0:49:25]} Nde5 {[%clk 1:16:45]} 16. b4 {[%clk 0:42:54]} cxb4
{[%clk 1:11:55]} 17. Rxb4 {[%clk 0:42:47]} f5 {[%clk 1:08:26]} 18. Nxe5
{[%clk 0:27:38]} Nxe5 {[%clk 1:07:49]} 19. Qe2 {[%clk 0:24:01]} g5
{[%clk 1:04:04]} 20. f4 {[%clk 0:19:13]} gxf4 {[%clk 1:04:10]} 21. Rxf4
{[%clk 0:14:46]} Ng6 {[%clk 1:03:10]} 22. Rf1 {[%clk 0:14:42]} Be5
{[%clk 0:59:38]} 23. exf5 {[%clk 0:14:03]} Bxf5 {[%clk 1:00:02]} 24. Ne4
{[%clk 0:13:53]} b5 {[%clk 0:49:15]} 25. Bh6 {[%clk 0:11:32]} Rf7
{[%clk 0:48:24]} 26. Kh1 {[%clk 0:09:17]} Bd7 {[%clk 0:47:23]} 27. Rxf7
{[%clk 0:06:33]} Qxf7 {[%clk 0:47:46]} 28. Ng5 {[%clk 0:04:29]} Qf6
{[%clk 0:45:29]} 29. axb5 axb5 {[%clk 0:41:11]} 30. Ne6 {[%clk 0:01:06]} Qf7
{[%clk 0:35:03]} 31. Rb1 {[%clk 0:00:52]} b4 {[%clk 0:35:32]} 32. Rf1
{[%clk 0:00:45]} Bb5 {[%clk 0:35:52]} 33. Rxf7 {[%clk 0:00:54]} Bxe2
{[%clk 0:36:18]} 34. Rf2 {[%clk 0:00:52]} Bd3 {[%clk 0:36:40]} 35. Bf1
{[%clk 0:00:41]} Bxf1 {[%clk 0:34:04]} 36. Rxf1 {[%clk 0:01:11]} b3
{[%clk 0:34:33]} 37. Nc7 {[%clk 0:00:40]} b2 {[%clk 0:34:44]} 38. Rb1
{[%clk 0:01:09]} Rb7 {[%clk 0:34:53]} 0-1